[Event "DVM U20 2003"]
[Site "Ditzingen GER"]
[Date "2003.12.27"]
[Round "1"]
[White "Hörr, Matthias"]
[Black "Kritz, Leonid"]
[Result "1/2-1/2"]
[Termination "normal"]
[Board "1.1"]
[WhiteElo "2055"]
[BlackElo "2533"]
[WhiteTeam "SK König Plauen"]
[BlackTeam "SG Bochum 31"]
[PlyCount "58"]
[WhiteFideId "4681398"]
[BlackFideId "4653530"]
[EventCountry "GER"]
[EventRounds "7"]
[EventType "team-swiss"]
[EventDate "2003.12.26"]

1. e4 c5 2. Nf3 Nc6 3. d4 cxd4 4. Nxd4 Nf6 5. Nc3 d6 6. Bc4 e6 7. Bb3 Be7 8. f4
O-O 9. O-O Nxd4 10. Qxd4 b6 11. Kh1 Bb7 12. Be3 Rc8 13. Rad1 Rxc3 14. Qxc3 Bxe4
15. Bd4 Qa8 16. Qg3 Qc6 17. c3 Rd8 18. Rd2 Bg6 19. Bc2 Ne4 20. Bxe4 Qxe4 21.
Rfd1 Bf8 22. Qe3 Qc6 23. b3 Be4 24. c4 f5 25. Be5 Rd7 26. Qg3 d5 27. h3 Bb4 28.
Bc3 Bd6 29. Be5 Bb4 1/2-1/2

[Event "DVM U20 2003"]
[Site "Ditzingen GER"]
[Date "2003.12.27"]
[Round "1"]
[White "Zaragatski, Ilja"]
[Black "Engelhardt, Etienne"]
[Result "1-0"]
[Termination "normal"]
[Board "1.2"]
[WhiteElo "2337"]
[BlackElo "1832"]
[WhiteTeam "SG Bochum 31"]
[BlackTeam "SK König Plauen"]
[PlyCount "51"]
[WhiteFideId "4655192"]
[BlackFideId "4687213"]
[EventCountry "GER"]
[EventRounds "7"]
[EventType "team-swiss"]
[EventDate "2003.12.26"]

1. e4 c6 2. d4 d5 3. exd5 cxd5 4. c4 Nf6 5. Nc3 e6 6. Nf3 Be7 7. cxd5 Nxd5 8.
Bd3 Nc6 9. O-O O-O 10. Re1 Nf6 11. a3 a6 12. Bc2 b5 13. Qd3 Bb7 14. d5 Na5 15.
Bg5 g6 16. d6 Bxd6 17. Bxf6 Bxh2+ 18. Kxh2 Qxf6 19. Qd4 Qe7 20. Ne5 Qg5 21. Qg4
Qd2 22. Re2 Qd6 23. Rd1 Qb6 24. Qf4 Bc6 25. Be4 Rad8 26. Rxd8 1-0

[Event "DVM U20 2003"]
[Site "Ditzingen GER"]
[Date "2003.12.27"]
[Round "1"]
[White "Pfeufer, Lion"]
[Black "Schlawin, Marlon"]
[Result "1/2-1/2"]
[Termination "normal"]
[Board "1.3"]
[WhiteElo "2015"]
[BlackElo "2293"]
[WhiteTeam "SK König Plauen"]
[BlackTeam "SG Bochum 31"]
[PlyCount "54"]
[WhiteFideId "4681444"]
[BlackFideId "4675584"]
[EventCountry "GER"]
[EventRounds "7"]
[EventType "team-swiss"]
[EventDate "2003.12.26"]

1. e4 Nf6 2. e5 Nd5 3. c4 Nb6 4. c5 Nd5 5. d4 d6 6. cxd6 cxd6 7. Nf3 Nc6 8. Bc4
Nb6 9. Bb5 d5 10. O-O Bg4 11. h3 Bxf3 12. Qxf3 e6 13. Be3 a6 14. Bxc6+ bxc6 15.
Nd2 f5 16. exf6 Qxf6 17. Qe2 Bb4 18. Nf3 O-O 19. Rac1 Rfc8 20. Ne5 c5 21. Ng4
Qe7 22. a3 Ba5 23. Rxc5 Nc4 24. Rxc8+ Rxc8 25. Rc1 Rb8 26. Rc2 Bc7 27. Bc1 Rb3
1/2-1/2

[Event "DVM U20 2003"]
[Site "Ditzingen GER"]
[Date "2003.12.27"]
[Round "1"]
[White "Becker, Martin Alexander"]
[Black "Butzke, Daniel"]
[Result "1-0"]
[Termination "normal"]
[Board "1.4"]
[WhiteElo "2244"]
[BlackElo "1965"]
[WhiteTeam "SG Bochum 31"]
[BlackTeam "SK König Plauen"]
[PlyCount "79"]
[WhiteFideId "4680820"]
[BlackFideId "4690028"]
[EventCountry "GER"]
[EventRounds "7"]
[EventType "team-swiss"]
[EventDate "2003.12.26"]

1. e4 e6 2. d4 d5 3. Nc3 Nf6 4. Bg5 Be7 5. e5 Nfd7 6. h4 f6 7. Qh5+ g6 8. exf6
Nxf6 9. Qe2 Nh5 10. Nf3 Bxg5 11. Nxg5 Ng7 12. O-O-O O-O 13. g3 Nc6 14. Qd2 a6
15. f4 Qf6 16. Ne2 b5 17. Kb1 b4 18. Bg2 a5 19. h5 h6 20. hxg6 Qxg6 21. Nf3 b3
22. axb3 a4 23. bxa4 Rxa4 24. b3 Ra7 25. Nh4 Qh7 26. Kb2 Ba6 27. Ra1 Rfa8 28.
Nc3 Ne8 29. Nxd5 Qd7 30. Nb4 Bb7 31. Nxc6 Bxc6 32. Bxc6 Qxc6 33. Rxa7 Rxa7 34.
Ra1 Rb7 35. Qd3 Nd6 36. Qg6+ Kf8 37. Ra8+ Ke7 38. Qg7+ Nf7 39. Ng6+ Kd6 40.
Qf8+ 1-0

[Event "DVM U20 2003"]
[Site "Ditzingen GER"]
[Date "2003.12.27"]
[Round "1"]
[White "Buschmann, Stephan"]
[Black "Iounoussov, Maksim"]
[Result "0-1"]
[Termination "normal"]
[Board "1.5"]
[WhiteElo "1725"]
[BlackElo "2096"]
[WhiteTeam "SK König Plauen"]
[BlackTeam "SG Bochum 31"]
[PlyCount "72"]
[BlackFideId "4675436"]
[EventCountry "GER"]
[EventRounds "7"]
[EventType "team-swiss"]
[EventDate "2003.12.26"]

1. d4 d5 2. c4 e6 3. Nc3 c5 4. cxd5 exd5 5. Nf3 Nc6 6. g3 c4 7. Bg2 Bb4 8. O-O
Nge7 9. a3 Ba5 10. b4 cxb3 11. Qxb3 O-O 12. e3 Bf5 13. Ne5 Be6 14. Nd3 Bxc3 15.
Qxc3 Rc8 16. Bd2 Bf5 17. Qb3 b6 18. Rfc1 Be4 19. Bb4 Bxg2 20. Kxg2 Re8 21. Nf4
Qd7 22. a4 Qg4 23. a5 g5 24. Nd3 Qe4+ 25. Kg1 Nf5 26. Ne1 Nfxd4 27. Qb2 Nxb4
28. exd4 bxa5 29. Qd2 h6 30. Rxc8 Rxc8 31. Rxa5 Rc4 32. Rxa7 Rxd4 33. Qc3 Nc6
34. Ra8+ Kh7 35. Rc8 Ne5 36. Ra8 Rd1 0-1

[Event "DVM U20 2003"]
[Site "Ditzingen GER"]
[Date "2003.12.27"]
[Round "1"]
[White "Langrock, Hannes"]
[Black "Buckan, Jens"]
[Result "1-0"]
[Termination "normal"]
[Board "2.1"]
[WhiteElo "2336"]
[BlackElo "2107"]
[WhiteTeam "Hamburger SK von 1830"]
[BlackTeam "SV Empor Erfurt"]
[PlyCount "79"]
[WhiteFideId "4655290"]
[BlackFideId "4684508"]
[EventCountry "GER"]
[EventRounds "7"]
[EventType "team-swiss"]
[EventDate "2003.12.26"]

1. e4 c5 2. c3 d5 3. exd5 Qxd5 4. d4 e6 5. Na3 Qd8 6. Nc2 Nf6 7. Nf3 Nc6 8. Bd3
Be7 9. O-O O-O 10. Qe2 Qc7 11. Rd1 a6 12. Bg5 cxd4 13. Ncxd4 Bd7 14. Nxc6 Bxc6
15. Ne5 h6 16. Bh4 Rad8 17. Bg3 Bd6 18. c4 b6 19. Bc2 Ba8 20. Kh1 Qb7 21. f3
Qb8 22. Re1 Nh5 23. Qd3 Nxg3+ 24. hxg3 f5 25. Qc3 Rfe8 26. Ba4 b5 27. cxb5 axb5
28. Bb3 Bxe5 29. Rxe5 Bd5 30. Rae1 Kf7 31. Qe3 Qc8 32. Qd3 Bc4 33. Qe3 Rd6 34.
Rc5 Qa6 35. Rxf5+ exf5 36. Qxe8+ Kf6 37. Bc2 Be6 38. Qf8+ Kg6 39. Rxe6+ Rxe6
40. Qxf5# 1-0

[Event "DVM U20 2003"]
[Site "Ditzingen GER"]
[Date "2003.12.27"]
[Round "1"]
[White "Gehlhaar, Christian"]
[Black "Frackowiak, Oliver"]
[Result "1/2-1/2"]
[Termination "normal"]
[Board "2.2"]
[WhiteElo "2119"]
[BlackElo "2110"]
[WhiteTeam "SV Empor Erfurt"]
[BlackTeam "Hamburger SK von 1830"]
[PlyCount "45"]
[WhiteFideId "4663888"]
[BlackFideId "4677145"]
[EventCountry "GER"]
[EventRounds "7"]
[EventType "team-swiss"]
[EventDate "2003.12.26"]

1. e4 c5 2. Nf3 Nc6 3. d4 cxd4 4. Nxd4 Nf6 5. Nc3 e6 6. Ndb5 Bb4 7. Bg5 Qb6 8.
Be3 Qa5 9. f3 O-O 10. Qd2 d5 11. Bd3 Rd8 12. exd5 Nxd5 13. O-O a6 14. a3 axb5
15. axb4 Qxa1 16. Rxa1 Rxa1+ 17. Kf2 Ncxb4 18. Bxb5 Bd7 19. Nxd5 Nxd5 20. Bd3
Nxe3 21. Kxe3 Raa8 22. Qb4 Bc6 23. Qf4 1/2-1/2

[Event "DVM U20 2003"]
[Site "Ditzingen GER"]
[Date "2003.12.27"]
[Round "1"]
[White "Stejskal, Hans Christian"]
[Black "Michalowski, Peter"]
[Result "1-0"]
[Termination "normal"]
[Board "2.3"]
[WhiteElo "2119"]
[BlackElo "1787"]
[WhiteTeam "Hamburger SK von 1830"]
[BlackTeam "SV Empor Erfurt"]
[PlyCount "101"]
[WhiteFideId "4685890"]
[BlackFideId "24609978"]
[EventCountry "GER"]
[EventRounds "7"]
[EventType "team-swiss"]
[EventDate "2003.12.26"]

1. Nf3 Nf6 2. g3 g6 3. Bg2 Bg7 4. d3 O-O 5. O-O d5 6. Nbd2 c6 7. e4 Bg4 8. h3
Bxf3 9. Bxf3 e6 10. Qe2 dxe4 11. dxe4 Nbd7 12. Bg2 Re8 13. c3 e5 14. Nc4 Qc7
15. Be3 Nb6 16. Rad1 Rad8 17. Nxb6 axb6 18. Rxd8 Rxd8 19. f4 c5 20. g4 Nd7 21.
f5 c4 22. Rd1 b5 23. Rd5 Nf6 24. Rxb5 Bf8 25. Bb6 Qc6 26. Bxd8 Qxb5 27. Bxf6
Qb6+ 28. Kf1 Qxf6 29. Qxc4 h5 30. Ke2 hxg4 31. hxg4 Qh4 32. Kf3 Qh2 33. fxg6
Qf4+ 34. Ke2 Qxg4+ 35. Bf3 Qxg6 36. Qb5 Qe6 37. b3 Qe7 38. b4 Bh6 39. Qc4 Qd7
40. Qd5 Qa4 41. Kd3 Qa6+ 42. Kc2 Qf1 43. Qd3 Qf2+ 44. Kb3 Qb6 45. a4 Bf8 46.
Be2 Qc7 47. Qg3+ Bg7 48. Bc4 Kf8 49. Bd5 Qd7 50. Qf2 Qc7 51. Qa7 1-0

[Event "DVM U20 2003"]
[Site "Ditzingen GER"]
[Date "2003.12.27"]
[Round "1"]
[White "Strauch, Martin"]
[Black "Colpe, Helge"]
[Result "1-0"]
[Termination "normal"]
[Board "2.4"]
[WhiteElo "1670"]
[BlackElo "2092"]
[WhiteTeam "SV Empor Erfurt"]
[BlackTeam "Hamburger SK von 1830"]
[PlyCount "125"]
[BlackFideId "4685644"]
[EventCountry "GER"]
[EventRounds "7"]
[EventType "team-swiss"]
[EventDate "2003.12.26"]

1. e4 e5 2. Nf3 Nc6 3. Bb5 Nf6 4. Qe2 d6 5. O-O Bg4 6. c3 Be7 7. Rd1 O-O 8. d4
exd4 9. cxd4 Nd7 10. Nc3 a6 11. Ba4 Bf6 12. Be3 Re8 13. Rac1 Nb6 14. Bc2 Qc8
15. Bb1 Bh5 16. h3 Bxf3 17. Qxf3 Nc4 18. Nd5 Nxe3 19. Nxf6+ gxf6 20. fxe3 f5
21. exf5 f6 22. Be4 Qd7 23. Rc3 Re7 24. Rdc1 Rae8 25. Bd5+ Kh8 26. Be6 Qd8 27.
a3 Nb8 28. Qxb7 c6 29. Qb3 d5 30. Qc2 Rg7 31. e4 Qb6 32. Rd1 dxe4 33. Rb3 Qa7
34. Qxe4 c5 35. Kh1 cxd4 36. Qxd4 Qc7 37. Qxf6 Qc2 38. Rg1 Qc7 39. Rd1 Qc2 40.
Rg1 Qc7 41. Rc3 Qd6 42. Qh6 Nd7 43. Re1 Reg8 44. Rg1 Nf8 45. Qe3 Re7 46. Rd3
Qc6 47. Qd4+ Reg7 48. Bxg8 Kxg8 49. Qd5+ Qxd5 50. Rxd5 Rg3 51. Ra5 Rb3 52. Rb1
Rb6 53. b4 Kf7 54. Re1 Kf6 55. g4 Kg5 56. Kg2 Kf4 57. Rf1+ Ke4 58. Kg3 Rd6 59.
Rf4+ Ke3 60. Rf3+ Ke4 61. f6 Rd1 62. Rf4+ Ke3 63. Re5+ 1-0

[Event "DVM U20 2003"]
[Site "Ditzingen GER"]
[Date "2003.12.27"]
[Round "1"]
[White "Stellwagen, Robin"]
[Black "Schoel, Tobias"]
[Result "1-0"]
[Termination "normal"]
[Board "2.5"]
[WhiteElo "2054"]
[BlackElo "1693"]
[WhiteTeam "Hamburger SK von 1830"]
[BlackTeam "SV Empor Erfurt"]
[PlyCount "137"]
[WhiteFideId "24601918"]
[EventCountry "GER"]
[EventRounds "7"]
[EventType "team-swiss"]
[EventDate "2003.12.26"]

1. e4 c5 2. Nf3 d6 3. Nc3 Nf6 4. d4 cxd4 5. Nxd4 a6 6. Be3 e5 7. Nf3 Be7 8. Qd2
Be6 9. Ng5 Qc7 10. Nxe6 fxe6 11. Be2 O-O 12. O-O Nbd7 13. a4 Nc5 14. f3 Rfd8
15. Rfd1 d5 16. exd5 exd5 17. Bf2 d4 18. Bc4+ Kh8 19. Ne2 Rd6 20. b3 Rad8 21.
Bg3 Nfd7 22. Qe1 Bf6 23. a5 Qc6 24. Nc1 Re8 25. Nd3 b6 26. Nb4 Qb7 27. axb6
Nxb6 28. Bxa6 Nxa6 29. Nxa6 Nd7 30. Nb4 Rde6 31. Nd3 e4 32. fxe4 Rxe4 33. Qb4
Qxb4 34. Nxb4 d3 35. Nxd3 Bxa1 36. Rxa1 Re2 37. Ra7 Nf6 38. c4 Rd2 39. Nc5 Ng4
40. Ra1 Ne3 41. Re1 Rxg2+ 42. Kh1 Kg8 43. Rxe3 Rxh2+ 44. Kxh2 Rxe3 45. Kg2 Re2+
46. Kf3 Rb2 47. Be5 Rb1 48. Bc3 Kf7 49. b4 Rc1 50. Ne4 Ke6 51. b5 g6 52. b6 Kd7
53. c5 Kc6 54. Bd4 Rd1 55. Be3 Rd7 56. Nd6 h6 57. Ke4 Rxd6 58. cxd6 Kxd6 59.
Bxh6 Kc6 60. Be3 g5 61. Kf5 g4 62. Kxg4 Kb7 63. Kf5 Kc6 64. Ke6 Kb7 65. Kd6 Kc8
66. Kc6 Kb8 67. Bc1 Ka8 68. b7+ Kb8 69. Bf4+ 1-0

[Event "DVM U20 2003"]
[Site "Ditzingen GER"]
[Date "2003.12.27"]
[Round "1"]
[White "Sabelfeld, Nastja"]
[Black "Möller, Hendrik"]
[Result "0-1"]
[Termination "normal"]
[Board "2.6"]
[WhiteElo "1565"]
[BlackElo "2105"]
[WhiteTeam "SV Empor Erfurt"]
[BlackTeam "Hamburger SK von 1830"]
[PlyCount "100"]
[BlackFideId "24604917"]
[EventCountry "GER"]
[EventRounds "7"]
[EventType "team-swiss"]
[EventDate "2003.12.26"]

1. e4 c5 2. Nf3 a6 3. d4 cxd4 4. Nxd4 Nf6 5. Nc3 e5 6. Nb3 Bb4 7. f3 O-O 8. Bg5
Bxc3+ 9. bxc3 d6 10. Bd3 Qc7 11. Qd2 Nfd7 12. O-O Nb6 13. Nc1 Be6 14. Ne2 N8d7
15. Qe1 Rac8 16. Qg3 Kh8 17. Bd2 Nc4 18. Bc1 Nc5 19. f4 f6 20. f5 Bg8 21. Rf3
d5 22. Qh4 dxe4 23. Bxe4 Rfd8 24. Be3 Nxe4 25. Qxe4 Bd5 26. Qg4 Bxf3 27. Qxf3
Qc6 28. Qf2 Qe4 29. Bc5 Rxc5 30. Qxc5 Qxe2 31. Qf2 Rd1+ 32. Rxd1 Qxd1+ 33. Qf1
Qxf1+ 34. Kxf1 Ne3+ 35. Kf2 Nxf5 36. Ke2 Kg8 37. Kd3 Kf7 38. Ke4 Ke6 39. Kd3 b5
40. c4 bxc4+ 41. Kxc4 Kd6 42. Kd3 Kc5 43. a3 h5 44. Ke4 Nd6+ 45. Kd3 g5 46. g3
f5 47. h3 f4 48. g4 h4 49. c3 e4+ 50. Ke2 Kc4 0-1

[Event "DVM U20 2003"]
[Site "Ditzingen GER"]
[Date "2003.12.27"]
[Round "1"]
[White "Klinger, Sebastian"]
[Black "Wehner, Roland"]
[Result "1-0"]
[Termination "normal"]
[Board "3.1"]
[WhiteElo "2146"]
[BlackElo "2182"]
[WhiteTeam "TuS Geretsried"]
[BlackTeam "SK Ettlingen"]
[PlyCount "66"]
[WhiteFideId "4667549"]
[BlackFideId "4683161"]
[EventCountry "GER"]
[EventRounds "7"]
[EventType "team-swiss"]
[EventDate "2003.12.26"]

1. e4 e6 2. d3 d5 3. Nd2 Nf6 4. Ngf3 Bc5 5. Be2 dxe4 6. dxe4 Nc6 7. O-O O-O 8.
c3 a5 9. e5 Nd7 10. Ne4 Be7 11. Bf4 g5 12. Nexg5 Ndxe5 13. Nxe5 Nxe5 14. Qxd8
Rxd8 15. Bxe5 Bxg5 16. f4 Be7 17. Bxc7 Rd2 18. Bf3 Rxb2 19. Rfb1 Rc2 20. Be5 f6
21. Bd4 Rb8 22. Re1 Bd7 23. Bd1 Rb2 24. Bb3 Bc6 25. Bxe6+ Kg7 26. Bh3 Bd8 27.
Re3 Kf7 28. Be6+ Kg7 29. Rg3+ Kh6 30. Kh1 Bc7 31. Bxf6 Bxf4 32. Bg7+ Kh5 33.
Bf7+ Kh4 1-0

[Event "DVM U20 2003"]
[Site "Ditzingen GER"]
[Date "2003.12.27"]
[Round "1"]
[White "Friedel, Marcus"]
[Black "Motl, Martin"]
[Result "1/2-1/2"]
[Termination "normal"]
[Board "3.2"]
[WhiteElo "2089"]
[BlackElo "2160"]
[WhiteTeam "SK Ettlingen"]
[BlackTeam "TuS Geretsried"]
[PlyCount "139"]
[WhiteFideId "4688708"]
[BlackFideId "4667522"]
[EventCountry "GER"]
[EventRounds "7"]
[EventType "team-swiss"]
[EventDate "2003.12.26"]

1. e4 c5 2. c3 d6 3. d4 Nf6 4. Bd3 g6 5. Nf3 Bg7 6. h3 O-O 7. O-O Nbd7 8. Qe2
e5 9. dxe5 dxe5 10. Be3 a6 11. a4 b6 12. Nbd2 Bb7 13. Rfd1 Qc7 14. Ne1 Rfe8 15.
g3 Nh5 16. Kh2 Nf4 17. Qf1 Nf8 18. f3 N4e6 19. Qe2 h5 20. Ng2 Kh7 21. Nh4 Bf6
22. Ng2 Kg7 23. Nf1 Bg5 24. h4 Bxe3 25. Ngxe3 Nd7 26. Bc4 Nf6 27. Nd5 Nxd5 28.
Bxd5 Rad8 29. Ne3 Qc8 30. Rd2 Nc7 31. Rad1 Bxd5 32. Nxd5 Nxd5 33. Rxd5 Rxd5 34.
Rxd5 Re7 35. Qd1 Qc7 36. Rd6 Qb7 37. Qd5 Qxd5 38. exd5 e4 39. fxe4 Rxe4 40.
Rxb6 Rxa4 41. Rc6 Ra2 42. Rxc5 Rxb2+ 43. Kg1 Rb5 44. Rc6 Rxd5 45. Rxa6 Rd3 46.
Kg2 Rxc3 47. Rb6 Re3 48. Ra6 Re6 49. Ra3 Rb6 50. Rf3 Rb2+ 51. Kg1 f6 52. Ra3
Kf7 53. Ra6 Re2 54. Kf1 Re6 55. Ra7+ Re7 56. Ra6 Kg7 57. Kf2 g5 58. hxg5 fxg5
59. Rb6 Rf7+ 60. Kg2 Rf6 61. Rb7+ Kg6 62. Rb5 Re6 63. Kf2 Kf6 64. Ra5 Re5 65.
Ra8 Kf5 66. Ra4 Re7 67. Ra2 Kg4 68. Kg2 Re4 69. Rb2 Rc4 70. Ra2 1/2-1/2

[Event "DVM U20 2003"]
[Site "Ditzingen GER"]
[Date "2003.12.27"]
[Round "1"]
[White "Herzog, Matthias"]
[Black "Ehrenfried, Stefan"]
[Result "1/2-1/2"]
[Termination "normal"]
[Board "3.3"]
[WhiteElo "1962"]
[BlackElo "2136"]
[WhiteTeam "TuS Geretsried"]
[BlackTeam "SK Ettlingen"]
[PlyCount "52"]
[WhiteFideId "4698541"]
[BlackFideId "4687515"]
[EventCountry "GER"]
[EventRounds "7"]
[EventType "team-swiss"]
[EventDate "2003.12.26"]

1. e4 d5 2. exd5 Nf6 3. d4 Bg4 4. Nf3 Qxd5 5. Be2 e6 6. O-O Nc6 7. c4 Qd7 8.
Be3 Be7 9. Nc3 O-O 10. h3 Bh5 11. Ne5 Bxe2 12. Nxe2 Qe8 13. a3 Nxe5 14. dxe5
Nd7 15. Bd4 Nb6 16. b3 Qc6 17. Qc2 Rfd8 18. Bb2 Bg5 19. Rad1 Rxd1 20. Rxd1 Rd8
21. Rxd8+ Bxd8 22. Ng3 Be7 23. Qe2 Qd7 24. Ne4 Qd8 25. Kh2 Nd7 26. Qg4 Nc5
1/2-1/2

[Event "DVM U20 2003"]
[Site "Ditzingen GER"]
[Date "2003.12.27"]
[Round "1"]
[White "Schlippe, Axel"]
[Black "Klinger, Stefan"]
[Result "0-1"]
[Termination "normal"]
[Board "3.4"]
[WhiteElo "1994"]
[BlackElo "1699"]
[WhiteTeam "SK Ettlingen"]
[BlackTeam "TuS Geretsried"]
[PlyCount "62"]
[WhiteFideId "4683030"]
[EventCountry "GER"]
[EventRounds "7"]
[EventType "team-swiss"]
[EventDate "2003.12.26"]

1. Nf3 Nf6 2. c4 e6 3. Nc3 d5 4. d4 c6 5. e3 Bd6 6. Bd3 Nbd7 7. O-O O-O 8. Qe2
Re8 9. Re1 e5 10. dxe5 Nxe5 11. h3 d4 12. Nxe5 Bxe5 13. Nd1 Nd7 14. Kh1 Bc7 15.
Qf1 Nc5 16. e4 f5 17. e5 Ba5 18. Bb1 Bxe1 19. Qxe1 d3 20. Bd2 Be6 21. b3 Qh4
22. Qe3 Ne4 23. Bxd3 Nxd2 24. Qxd2 Rad8 25. Nb2 f4 26. f3 Bf5 27. Qe2 Bxd3 28.
Nxd3 Re6 29. Re1 Rxd3 30. Qxd3 Qxe1+ 31. Kh2 Rxe5 0-1

[Event "DVM U20 2003"]
[Site "Ditzingen GER"]
[Date "2003.12.27"]
[Round "1"]
[White "Klinger, Severin"]
[Black "Fucik, Timo"]
[Result "0-1"]
[Termination "normal"]
[Board "3.5"]
[WhiteElo "1530"]
[BlackElo "1831"]
[WhiteTeam "TuS Geretsried"]
[BlackTeam "SK Ettlingen"]
[PlyCount "118"]
[EventCountry "GER"]
[EventRounds "7"]
[EventType "team-swiss"]
[EventDate "2003.12.26"]

1. d4 d5 2. Nf3 e6 3. Bf4 f5 4. Nbd2 Nf6 5. e3 Be7 6. Ne5 O-O 7. Be2 Nbd7 8. c3
Ne4 9. h3 c5 10. O-O g5 11. Nxd7 Bxd7 12. Be5 Nxd2 13. Qxd2 c4 14. f4 Bf6 15.
Bxf6 Qxf6 16. Rf3 g4 17. Rff1 h5 18. Qe1 gxh3 19. gxh3 h4 20. Kh2 Kh7 21. Rg1
Rg8 22. Qf2 Raf8 23. Rxg8 Rxg8 24. Rg1 Be8 25. Rxg8 Kxg8 26. Bd1 b5 27. a3 Kh7
28. Bf3 Kh6 29. Qe2 Qg7 30. Qf2 Qf6 31. Qe2 Bf7 32. Qd1 Qd8 33. Be2 Qe7 34. Bf3
Bg6 35. Qe2 Qf7 36. Qd1 Bh5 37. Bxh5 Qxh5 38. Qxh5+ Kxh5 39. Kg2 Kg6 40. Kf2
Kf6 41. Ke2 Ke7 42. Kd2 Kd6 43. Kc2 Kc6 44. Kb1 Kb6 45. Kc1 Ka5 46. Kb1 Ka4 47.
Kc1 Kb3 48. Kb1 a5 49. Kc1 b4 50. axb4 axb4 51. cxb4 Kxb4 52. Kc2 Kb5 53. Kd2
Ka5 54. Kc2 Kb4 55. Kb1 Kb3 56. Kc1 c3 57. Kb1 cxb2 58. e4 fxe4 59. f5 e3 0-1

[Event "DVM U20 2003"]
[Site "Ditzingen GER"]
[Date "2003.12.27"]
[Round "1"]
[White "Mader, Michael"]
[Black "Vintan, Cristina-Mihaela"]
[Result "1-0"]
[Termination "normal"]
[Board "3.6"]
[WhiteElo "2079"]
[BlackElo "1435"]
[WhiteTeam "SK Ettlingen"]
[BlackTeam "TuS Geretsried"]
[PlyCount "61"]
[WhiteFideId "4696913"]
[EventCountry "GER"]
[EventRounds "7"]
[EventType "team-swiss"]
[EventDate "2003.12.26"]

1. e4 c5 2. Nf3 Nc6 3. d4 cxd4 4. Nxd4 Nf6 5. Nc3 e5 6. Ndb5 d6 7. Bg5 a6 8.
Na3 b5 9. Bxf6 gxf6 10. Nd5 f5 11. Bd3 Be6 12. c3 Bg7 13. Nc2 Rb8 14. Ncb4 Nxb4
15. Nxb4 Qc8 16. O-O f4 17. a4 a5 18. Nd5 Bxd5 19. exd5 bxa4 20. Qxa4+ Qd7 21.
Rfb1 Ke7 22. Qxd7+ Kxd7 23. Rxa5 Rb7 24. Bb5+ Kc7 25. Bc6 Rb6 26. Ra7+ Kd8 27.
Rxf7 Bf8 28. Ra1 Rb8 29. Raa7 Rc8 30. Rad7+ Ke8 31. Rde7+ 1-0

[Event "DVM U20 2003"]
[Site "Ditzingen GER"]
[Date "2003.12.27"]
[Round "1"]
[White "Korotkevych, Stanislav"]
[Black "Kühner, Christian"]
[Result "1-0"]
[Termination "normal"]
[Board "4.1"]
[WhiteElo "2320"]
[BlackElo "2174"]
[WhiteTeam "SG Porz"]
[BlackTeam "ASC Theresianum Mainz"]
[PlyCount "75"]
[WhiteFideId "14107309"]
[BlackFideId "4679440"]
[EventCountry "GER"]
[EventRounds "7"]
[EventType "team-swiss"]
[EventDate "2003.12.26"]

1. d4 Nf6 2. Nf3 e6 3. c4 b6 4. a3 Ba6 5. e3 d5 6. Ne5 dxc4 7. Nc3 Bd6 8. Qf3
Nbd7 9. Nxc4 Bxc4 10. Bxc4 c5 11. Nb5 Ke7 12. Nxd6 Kxd6 13. dxc5+ bxc5 14. O-O
Ke7 15. Rd1 Qc7 16. e4 Nb6 17. Bb5 Rhd8 18. Bf4 e5 19. Be3 c4 20. a4 a6 21. a5
Nbd7 22. Bxd7 Rxd7 23. Bb6 Qc6 24. Qa3+ Ke8 25. Qg3 Kf8 26. Qxe5 Rxd1+ 27. Rxd1
Qxe4 28. Qxe4 Nxe4 29. Rd4 Re8 30. f3 Nf6 31. Bc5+ Kg8 32. Rxc4 h6 33. Kf2 Nd5
34. Rd4 Nc7 35. Rd6 Ne6 36. Be3 Rb8 37. Rb6 Rc8 38. b4 1-0

[Event "DVM U20 2003"]
[Site "Ditzingen GER"]
[Date "2003.12.27"]
[Round "1"]
[White "Weichhold, Carsten"]
[Black "Balcerak, Philipp"]
[Result "0-1"]
[Termination "time forfeit"]
[Board "4.2"]
[WhiteElo "2013"]
[BlackElo "2188"]
[WhiteTeam "ASC Theresianum Mainz"]
[BlackTeam "SG Porz"]
[PlyCount "78"]
[BlackFideId "4655036"]
[EventCountry "GER"]
[EventRounds "7"]
[EventType "team-swiss"]
[EventDate "2003.12.26"]

1. e4 c5 2. Nf3 Nc6 3. d4 cxd4 4. Nxd4 Qc7 5. Nc3 e6 6. Be2 a6 7. O-O Nf6 8. a3
Be7 9. Be3 O-O 10. f4 d6 11. Nb3 b5 12. Bf3 Bb7 13. Qe1 Rfe8 14. Rd1 b4 15.
axb4 Nxb4 16. Rd2 e5 17. f5 d5 18. exd5 e4 19. Bxe4 Nxe4 20. Nxe4 Bxd5 21. Nc3
Bxb3 22. cxb3 Bc5 23. Rf3 Rxe3 24. Rxe3 Re8 25. Nd1 Qb6 26. Kf2 Qh6 27. Kf1
Qf4+ 28. Qf2 Bxe3 29. Nxe3 Qxh2 30. Qf3 h6 31. f6 Qe5 32. Kf2 Re6 33. Rd8+ Kh7
34. fxg7 Qxb2+ 35. Kg1 Qxg7 36. Rd7 Kg8 37. Nf5 Qa1+ 38. Kh2 Qe5+ 39. Ng3 Qg7
0-1

[Event "DVM U20 2003"]
[Site "Ditzingen GER"]
[Date "2003.12.27"]
[Round "1"]
[White "Thalwitzer, David"]
[Black "Resa, Tobias"]
[Result "1-0"]
[Termination "normal"]
[Board "4.3"]
[WhiteElo "2128"]
[BlackElo "1915"]
[WhiteTeam "SG Porz"]
[BlackTeam "ASC Theresianum Mainz"]
[PlyCount "103"]
[WhiteFideId "4663233"]
[EventCountry "GER"]
[EventRounds "7"]
[EventType "team-swiss"]
[EventDate "2003.12.26"]

1. e4 e5 2. Nf3 Nc6 3. Bb5 a6 4. Ba4 Nf6 5. Qe2 b5 6. Bb3 Bc5 7. c3 O-O 8. d3
h6 9. Nbd2 d5 10. Nf1 dxe4 11. dxe4 Be6 12. Ng3 Bxb3 13. axb3 Nd7 14. O-O Ne7
15. Rd1 Bd6 16. Nh4 Nc5 17. Be3 Qc8 18. Nhf5 Nxf5 19. Nxf5 Qe6 20. Qg4 Qg6 21.
Qxg6 fxg6 22. Nxd6 cxd6 23. Bxc5 dxc5 24. f3 Rfd8 25. Rxd8+ Rxd8 26. Rxa6 Rd1+
27. Kf2 Rd2+ 28. Kg3 Rxb2 29. Rc6 Rxb3 30. Rxc5 Kf7 31. Rxe5 Rxc3 32. Rxb5 g5
33. h4 gxh4+ 34. Kxh4 Rc2 35. g3 g6 36. Kg4 Rc4 37. Kf4 Kf6 38. Rb6+ Kf7 39.
Rd6 Rc5 40. Ke3 Rg5 41. Kf2 Rc5 42. Rd3 Ke6 43. Ra3 Rb5 44. Ke3 Rb4 45. g4 Rb5
46. f4 h5 47. Ra6+ Kf7 48. Ra7+ Ke6 49. f5+ gxf5 50. gxf5+ Kf6 51. Kf4 Rb4 52.
Rh7 1-0

[Event "DVM U20 2003"]
[Site "Ditzingen GER"]
[Date "2003.12.27"]
[Round "1"]
[White "Schilling, Christian"]
[Black "Ostrowski, David"]
[Result "0-1"]
[Termination "normal"]
[Board "4.4"]
[WhiteElo "1649"]
[BlackElo "1806"]
[WhiteTeam "ASC Theresianum Mainz"]
[BlackTeam "SG Porz"]
[PlyCount "87"]
[EventCountry "GER"]
[EventRounds "7"]
[EventType "team-swiss"]
[EventDate "2003.12.26"]

1. Nf3 d5 2. d4 Nf6 3. c4 e6 4. Nc3 Nbd7 5. e3 c6 6. Bd3 Be7 7. O-O O-O 8. b3
Re8 9. Bb2 Bd6 10. Qc2 a6 11. Rac1 b5 12. c5 Bc7 13. b4 e5 14. dxe5 Nxe5 15.
Nxe5 Bxe5 16. Ne2 Bxh2+ 17. Kxh2 Ng4+ 18. Kg3 Qg5 19. f4 Qh5 20. Bd4 Qh2+ 21.
Kf3 Qh4 22. g3 Qh5 23. Rh1 Nxe3+ 24. Kf2 Qxh1 25. Rxh1 Nxc2 26. Bxc2 g6 27. Re1
a5 28. a3 axb4 29. axb4 Ra2 30. Bd3 Bg4 31. Be5 Re6 32. Kf1 f6 33. Nc3 Bh3+ 34.
Kg1 Rg2+ 35. Kh1 fxe5 36. Bf1 Rxg3 37. Kh2 Rxc3 38. Bxh3 Rc2+ 39. Kg3 exf4+ 40.
Kxf4 Rxe1 41. Kg3 Rc3+ 42. Kg2 Re2+ 43. Kf1 Rxh3 44. Kxe2 0-1